[Event "Bangkok op 17th"]
[Site "Bangkok"]
[Date "2017.04.13"]
[Round "6"]
[White "Saeheng, Boonsueb"]
[Black "Hng, Mei En Emmanuelle"]
[Result "1/2-1/2"]
[WhiteElo "2212"]
[BlackElo "1951"]
[PlyCount "98"]
[EventDate "2017.04.08"]
[EventType "swiss"]
[EventRounds "9"]
[EventCountry "THA"]
[SourceTitle "CBM 177 Extra"]
[Source "ChessBase"]
[SourceDate "2017.04.27"]
[SourceVersion "1"]
[SourceVersionDate "2017.04.27"]
[SourceQuality "1"]

1. d4 Nf6 2. c4 e6 3. Nc3 c5 4. d5 exd5 5. cxd5 d6 6. Nf3 g6 7. Bf4 Bg7 8. e3 0-0 9. Be2 Na6 10. Nd2 Nc7 11. Nc4 Nfe8 12. a4 f5 13. h4 b6 14. Qb3 Ba6 15. Nb5 Bxb5 16. axb5 Kh8 17. Rd1 a6 18. Na3 axb5 19. Nxb5 Nxb5 20. Bxb5 Ra5 21. Be2 h6 22. 0-0 Rf7 23. Ra1 Rfa7 24. Rxa5 Rxa5 25. Rb1 Nf6 26. Qd1 Ra8 27. Qd3 Ne4 28. Bf3 Ra4 29. b3 Rb4 30. g4 Qxh4 31. Rf1 Ng5 32. Bxg5 Qxg5 33. Be2 fxg4 34. Kg2 h5 35. Rh1 Kg8 36. Kg1 g3 37. f4 Qf6 38. Kg2 h4 39. Kf3 g5 40. Qa6 gxf4 41. Qc8+ Kh7 42. Bd3+ Kh6 43. Rxh4+ Qxh4 44. Qe6+ Qf6 45. Qh3+ Kg5 46. Qg4+ Kh6 47. Qh3+ Kg5 48. Qg4+ Kh6 49. Qh3+ Kg5 1/2-1/2

[Event "Bangkok op 17th"]
[Site "Bangkok"]
[Date "2017.04.09"]
[Round "2"]
[White "Saeheng, Boonsueb"]
[Black "Goganov, Aleksey"]
[Result "0-1"]
[WhiteElo "2212"]
[BlackElo "2605"]
[PlyCount "90"]
[EventDate "2017.04.08"]
[EventType "swiss"]
[EventRounds "9"]
[EventCountry "THA"]
[SourceTitle "CBM 177 Extra"]
[Source "ChessBase"]
[SourceDate "2017.04.27"]
[SourceVersion "1"]
[SourceVersionDate "2017.04.27"]
[SourceQuality "1"]

1. e4 e5 2. Nf3 Nc6 3. Bb5 a6 4. Ba4 Nf6 5. 0-0 Be7 6. d3 d6 7. c3 0-0 8. h3 Re8 9. Re1 Bf8 10. Nbd2 b5 11. Bb3 Bb7 12. a4 Qd7 13. Nf1 g6 14. Ng3 Bg7 15. Be3 Na5 16. Bc2 c5 17. Qc1 Nc6 18. Nh2 Nd8 19. f4 exf4 20. Bxf4 Ne6 21. Bh6 Bh8 22. Nf3 Qc7 23. Qd2 d5 24. Qf2 dxe4 25. dxe4 Nd7 26. Nf1 c4 27. axb5 axb5 28. Rxa8 Bxa8 29. Nd4 Qb6 30. Be3 Nec5 31. Nd2 Qb8 32. Rf1 f6 33. Qh4 Bg7 34. Bh6 Bxh6 35. Qxh6 Nxe4 36. N2f3 Qb6 37. Re1 Ndc5 38. Nh2 Ne6 39. Nhf3 f5 40. Re3 Nxd4 41. Nxd4 Qb8 42. Bd1 f4 43. Rxe4 Bxe4 44. h4 Qe5 45. h5 Bd3 0-1

[Event "Bangkok Assumption op"]
[Site "Bangkok"]
[Date "2017.03.18"]
[Round "8"]
[White "Saeheng, Boonsueb"]
[Black "Salvador, Louie"]
[Result "1-0"]
[WhiteElo "2204"]
[BlackElo "2061"]
[PlyCount "54"]
[EventDate "2017.03.10"]
[EventType "swiss"]
[EventRounds "9"]
[EventCountry "THA"]
[SourceTitle "EXT 2018"]
[Source "ChessBase"]
[SourceDate "2017.10.13"]
[SourceVersion "1"]
[SourceVersionDate "2017.10.13"]
[SourceQuality "1"]

1. d4 d5 2. c4 c6 3. Nf3 Nf6 4. e3 a6 5. b3 Bf5 6. Be2 e6 7. 0-0 Bd6 8. Bb2 Ne4 9. Nbd2 Nd7 10. Rc1 Qf6 11. Re1 g5 12. Nxe4 dxe4 13. Nd2 h5 14. Qc2 Bc7 15. Nxe4 Qg6 16. Bd3 0-0-0 17. Red1 h4 18. Ba3 Bxe4 19. Bxe4 f5 20. Bd3 Nf6 21. d5 cxd5 22. cxd5 Nxd5 23. Bxa6 Rh7 24. Qc6 bxa6 25. Qxa6+ Kb8 26. Bc5 Be5 27. Rxd5 exd5 1-0

[Event "Bangkok Assumption op"]
[Site "Bangkok"]
[Date "2017.03.12"]
[Round "5"]
[White "Habla, Jony"]
[Black "Saeheng, Boonsueb"]
[Result "0-1"]
[WhiteElo "2249"]
[BlackElo "2204"]
[PlyCount "78"]
[EventDate "2017.03.10"]
[EventType "swiss"]
[EventRounds "9"]
[EventCountry "THA"]
[SourceTitle "EXT 2018"]
[Source "ChessBase"]
[SourceDate "2017.10.13"]
[SourceVersion "1"]
[SourceVersionDate "2017.10.13"]
[SourceQuality "1"]

1. d4 d5 2. c4 c6 3. e3 Nf6 4. Nf3 e6 5. Nc3 Nbd7 6. Qc2 Bd6 7. Bd2 Qc7 8. cxd5 exd5 9. Bd3 0-0 10. 0-0-0 Re8 11. Nh4 Nb6 12. f3 c5 13. Rde1 Qd8 14. Nb5 c4 15. Bf5 Bf8 16. Ba5 g6 17. Bxc8 Rxc8 18. Kb1 Bh6 19. Bd2 c3 20. Bxc3 Bxe3 21. Nxa7 Ra8 22. Nb5 Qd7 23. Na3 Rxa3 24. bxa3 Nc4 25. Ka1 Ra8 26. g3 Bh6 27. Bb4 Bg7 28. Qd3 Ne8 29. f4 Ned6 30. Nf3 Nb5 31. Re7 Qc6 32. Rc1 Bf8 33. Re2 Bxb4 34. axb4 Ra3 35. Qd1 Rxf3 36. Qe1 Qf6 37. Re5 Rd3 38. g4 Rxd4 39. Re8+ Kg7 0-1

[Event "Bangkok Assumption op"]
[Site "Bangkok"]
[Date "2017.03.11"]
[Round "3"]
[White "Maneesorn, Kankawee"]
[Black "Saeheng, Boonsueb"]
[Result "0-1"]
[WhiteElo "1886"]
[BlackElo "2204"]
[PlyCount "72"]
[EventDate "2017.03.10"]
[EventType "swiss"]
[EventRounds "9"]
[EventCountry "THA"]
[SourceTitle "EXT 2018"]
[Source "ChessBase"]
[SourceDate "2017.10.13"]
[SourceVersion "1"]
[SourceVersionDate "2017.10.13"]
[SourceQuality "1"]

1. e4 c5 2. Nf3 d6 3. d4 cxd4 4. Nxd4 Nf6 5. Nc3 a6 6. Bd3 e5 7. Nb3 Be7 8. f3 Be6 9. Be3 Nbd7 10. Qd2 b5 11. 0-0-0 h5 12. Kb1 Qc7 13. h3 b4 14. Ne2 a5 15. g4 Nb6 16. g5 Nfd7 17. f4 Bc4 18. fxe5 dxe5 19. Bxb6 Nxb6 20. Bxc4 Qxc4 21. Qe3 Qc6 22. Rhf1 g6 23. h4 0-0 24. Ng3 Nc4 25. Qe2 Rfd8 26. Nd2 Nxb2 27. Kxb2 Qc3+ 28. Kb1 Qxg3 29. Rf3 Qxh4 30. Rdf1 Qxg5 31. Rxf7 Rxd2 32. Qc4 Kh8 33. Qe6 Re8 34. Rh7+ Kxh7 35. Qf7+ Kh6 36. Qxe8 Rd8 0-1

[Event "THA pre olympic qual"]
[Site "Bangkok"]
[Date "2016.05.22"]
[Round "9"]
[White "Saeheng, Boonsueb"]
[Black "Pitirotjirathon, Jirapak"]
[Result "0-1"]
[WhiteElo "2280"]
[BlackElo "2215"]
[PlyCount "62"]
[EventDate "2016.05.14"]
[EventType "swiss"]
[EventRounds "9"]
[EventCountry "THA"]
[SourceTitle "CBM 172 Extra"]
[Source "ChessBase"]
[SourceDate "2016.06.21"]
[SourceVersion "1"]
[SourceVersionDate "2016.06.21"]
[SourceQuality "1"]

1. d4 Nf6 2. c4 e6 3. Nc3 c5 4. d5 exd5 5. cxd5 d6 6. e4 g6 7. Nf3 a6 8. a4 Bg4 9. Be2 Bg7 10. 0-0 0-0 11. Nd2 Bxe2 12. Qxe2 Nbd7 13. a5 Nh5 14. Nc4 Qe7 15. g4 Nhf6 16. f4 Ne8 17. Ra3 Bd4+ 18. Kh1 Ng7 19. Qg2 f5 20. gxf5 gxf5 21. exf5 Kh8 22. Ne4 Nxf5 23. Rh3 Rg8 24. Qc2 Qf7 25. Ncxd6 Qxd5 26. Nxf5 Qxf5 27. Qd3 Rae8 28. Ng5 Qxd3 29. Rxd3 Nf6 30. Nf3 Ne4 31. Nxd4 Nf2+ 0-1

[Event "THA pre olympic qual"]
[Site "Bangkok"]
[Date "2016.05.20"]
[Round "6"]
[White "Pornariyasombat, Atippat"]
[Black "Saeheng, Boonsueb"]
[Result "1-0"]
[WhiteElo "2015"]
[BlackElo "2280"]
[PlyCount "41"]
[EventDate "2016.05.14"]
[EventType "swiss"]
[EventRounds "9"]
[EventCountry "THA"]
[SourceTitle "CBM 172 Extra"]
[Source "ChessBase"]
[SourceDate "2016.06.21"]
[SourceVersion "1"]
[SourceVersionDate "2016.06.21"]
[SourceQuality "1"]

1. c4 f5 2. Nc3 Nf6 3. g3 g6 4. Bg2 Bg7 5. Nf3 0-0 6. 0-0 d6 7. d4 c6 8. Bg5 Nbd7 9. Qd2 Qb6 10. Rad1 Qa6 11. b3 e5 12. dxe5 dxe5 13. Ne1 Re8 14. Nc2 Nh5 15. Bh6 Ndf6 16. Bxg7 Kxg7 17. Na4 f4 18. Qd6 Bf5 19. Qc7+ Kf8 20. Nb4 Rac8 21. Qd6+ 1-0

[Event "THA pre olympic qual"]
[Site "Bangkok"]
[Date "2016.05.15"]
[Round "4"]
[White "Yothinnorratham, Tepparit"]
[Black "Saeheng, Boonsueb"]
[Result "0-1"]
[WhiteElo "1936"]
[BlackElo "2280"]
[PlyCount "86"]
[EventDate "2016.05.14"]
[EventType "swiss"]
[EventRounds "9"]
[EventCountry "THA"]
[SourceTitle "CBM 172 Extra"]
[Source "ChessBase"]
[SourceDate "2016.06.21"]
[SourceVersion "1"]
[SourceVersionDate "2016.06.21"]
[SourceQuality "1"]

1. d4 f5 2. g3 Nf6 3. Bg2 g6 4. Nf3 Bg7 5. 0-0 0-0 6. b3 d6 7. Bb2 Qe8 8. d5 c6 9. c4 cxd5 10. cxd5 Na6 11. Nc3 Bd7 12. Nd4 Rc8 13. Qd2 Nc5 14. Rac1 a5 15. e3 b6 16. f3 Bh6 17. Qe2 Qf7 18. Rcd1 Bg7 19. g4 fxg4 20. f4 Nh5 21. Qf2 Qe8 22. Qd2 Bh6 23. Nce2 Qf7 24. Ng3 Ng7 25. Rf2 Nf5 26. e4 Nxd4 27. Qxd4 Bg7 28. e5 dxe5 29. fxe5 Qxf2+ 30. Qxf2 Rxf2 31. Kxf2 Bb5 32. Kg1 a4 33. b4 Nd7 34. d6 e6 35. Re1 Rc2 36. Bd4 Rc4 37. Ba1 Rxb4 38. h3 Nc5 39. hxg4 Rxg4 40. Re3 Bh6 41. Rc3 Bd2 42. Rf3 Bc6 43. d7 Bxd7 0-1

[Event "THA pre olympic qual"]
[Site "Bangkok"]
[Date "2016.05.14"]
[Round "2"]
[White "Sajjapornthep, Jarunpol"]
[Black "Saeheng, Boonsueb"]
[Result "1/2-1/2"]
[WhiteElo "1868"]
[BlackElo "2280"]
[PlyCount "163"]
[EventDate "2016.05.14"]
[EventType "swiss"]
[EventRounds "9"]
[EventCountry "THA"]
[SourceTitle "CBM 172 Extra"]
[Source "ChessBase"]
[SourceDate "2016.06.21"]
[SourceVersion "1"]
[SourceVersionDate "2016.06.21"]
[SourceQuality "1"]

1. d4 f5 2. c4 Nf6 3. Nc3 g6 4. Bg5 Bg7 5. Nf3 0-0 6. Qc1 c5 7. e3 Ne4 8. Bf4 Qa5 9. Bd3 Nc6 10. 0-0 cxd4 11. Nxe4 fxe4 12. Bxe4 e5 13. Bxc6 dxc6 14. b4 Qc7 15. Bg3 Qe7 16. exd4 exd4 17. Qd2 Rxf3 18. gxf3 Qf7 19. Qe2 Bf5 20. Rac1 Re8 21. Qd1 Bh3 22. Qd3 Bxf1 23. Kxf1 Qe6 24. Kg2 Qe2 25. Qxe2 Rxe2 26. a4 Ra2 27. a5 Kf7 28. Bd6 a6 29. Bc5 Rd2 30. b5 cxb5 31. cxb5 d3 32. bxa6 bxa6 33. Be3 Rc2 34. Rd1 Rc3 35. Rb1 Be5 36. Rb7+ Ke6 37. f4 Bc7 38. Ra7 Rc6 39. Bd2 Kd5 40. Kf3 h5 41. Ke3 Kc4 42. Rb7 Bd6 43. Rb1 Ba3 44. Kf3 Rd6 45. Rb6 Bc5 46. Rxd6 Bxd6 47. Ke4 Bb4 48. Ke3 Bxd2+ 49. Kxd2 Kd4 50. h3 h4 51. f3 Kc4 52. Kc1 Kc3 53. Kd1 d2 54. f5 gxf5 55. f4 Kd4 56. Kxd2 Ke4 57. Ke2 Kxf4 58. Kf2 Ke4 59. Ke2 f4 60. Kf2 f3 61. Kf1 Kf4 62. Kf2 Ke4 63. Kf1 f2 64. Kxf2 Kf4 65. Ke2 Kg3 66. Ke3 Kg2 67. Kf4 Kxh3 68. Kf3 Kh2 69. Kf2 h3 70. Kf1 Kg3 71. Kg1 Kf3 72. Kh2 Kg4 73. Kh1 Kf4 74. Kh2 Ke4 75. Kxh3 Kd4 76. Kg3 Kc3 77. Kf2 Kb4 78. Ke2 Kxa5 79. Kd2 Kb4 80. Kc2 Ka3 81. Kb1 Kb3 82. Ka1 1/2-1/2

[Event "Bangkok op 16th"]
[Site "Bangkok"]
[Date "2016.04.11"]
[Round "3"]
[White "Halkias, Stelios"]
[Black "Saeheng, Boonsueb"]
[Result "1/2-1/2"]
[WhiteElo "2553"]
[BlackElo "2292"]
[PlyCount "53"]
[EventDate "2016.04.10"]
[EventType "swiss"]
[EventRounds "9"]
[EventCountry "THA"]
[SourceTitle "CBM 171 Extra"]
[Source "ChessBase"]
[SourceDate "2016.04.26"]
[SourceVersion "1"]
[SourceVersionDate "2016.04.26"]
[SourceQuality "1"]

1. Nf3 Nf6 2. c4 e6 3. g3 b6 4. Bg2 Bb7 5. 0-0 Be7 6. Re1 0-0 7. d4 d6 8. Nc3 Ne4 9. Nxe4 Bxe4 10. d5 e5 11. h4 h6 12. Bh3 a5 13. Nd2 Bh7 14. e4 Na6 15. Nb1 Nc5 16. Nc3 Kh8 17. Bf5 g6 18. Bh3 h5 19. Kg2 Qe8 20. Nb5 Bd8 21. Bh6 Rg8 22. Qf3 Qe7 23. Re2 f6 24. Rh1 Qf7 25. Bd2 f5 26. Bc3 Rg7 27. exf5 1/2-1/2